Práca v akordeónovom orchestri činnosť mládeže v akordeónových orchestroch je estetickým zadosťučinením

Bibliographic Details
Main Author: Čechran, Vladimír (Author)
Format: Article
Language:Slovak
PhysicalDescription:Fotogr.
ISSN:1335-4515
Subjects:

MARC

LEADER 00000nab a2200000 a 4500
001 vtls000718937
003 SK-MaSNL
005 20260302194927.0
008 180206c2000 xo 0 slo
015 |a SNBRB2000/04-10348 
035 |a CLN000071104 
040 |a SNKBUCL  |b slo  |c SNKBUCL  |e AACR2 
041 0 |a slo 
044 |a xo  |c SK 
080 |a 78.071.2:786.7  |2 UDC-MRF-SK2 
080 |a 786.7  |2 UDC-MRF-SK2 
100 1 |a Čechran, Vladimír  |4 aut  |9 915713 
245 1 0 |a Práca v akordeónovom orchestri  |b činnosť mládeže v akordeónových orchestroch je estetickým zadosťučinením  |c Vladimír Čechran 
300 |b Fotogr. 
650 0 7 |a orchestre akordeónové  |x mládež  |2 snkbucl  |9 915714 
650 0 7 |a hra na akordeóne  |2 snkbucl  |9 18260 
655 7 |a články z novín a časopisov  |2 snkbucl  |9 267496 
773 0 |x 1335-4515  |t Národná osveta  |g Roč. 10, č. 3 (2000) 
773 0 |x 1335-4515  |t [Príl.] Etuda  |g Roč. 6, č. 1 (2000), s. 4-5 
850 |a Slovenská národná knižnica v Martine 
852 |a SNK  |b KIS3GCP 
958 |a RBX 
999 |c 1450577  |d 1452507